书目信息 |
| 题名: |
造血细胞动力学概论
|
|
| 作者: | 吴祖泽 编著 | |
| 分册: | ||
| 出版信息: | 北京 科学出版社 1978.12 |
|
| 页数: | 428页 | |
| 开本: | 20cm | |
| 丛书名: | ||
| 单 册: | ||
| 中图分类: | Q462 | |
| 科图分类: | ||
| 主题词: | 循环生理学 | |
| 电子资源: | ||
| ISBN: | ||
| 000 | 00551nam0 2200205 45 | |
| 001 | 0204180997 | |
| 005 | 20031219104109.6 | |
| 010 | @dCNY1.70 | |
| 091 | @a13031.898 | |
| 100 | @a20020418d1978 km y0chiy0120 ea | |
| 101 | 0 | @achi |
| 105 | @a z 000yy | |
| 200 | 1 | @a造血细胞动力学概论@AZao Xue Xi Bao Dong Li Xue Gai Lun@f吴祖泽编著@FWu Zu Ze Bian Zhu |
| 210 | @a北京@c科学出版社@d1978.12 | |
| 215 | @a428页@d20cm | |
| 606 | 0 | @a循环生理学 |
| 690 | @aQ462@v3 | |
| 701 | 0 | @a吴祖泽@4编著 |
| 801 | @aCN@bTSTC@c20020418 | |
| 905 | @f1@b4472@dQ462@e1 | |
| 造血细胞动力学概论/吴祖泽编著.-北京:科学出版社,1978.12 |
| 428页;20cm |
| ISBN :CNY1.70 |
| ● |
| 相关链接 |
|
|
|
|
正题名:造血细胞动力学概论
索取号:Q462/1
 
预约/预借
| 序号 | 登录号 | 条形码 | 馆藏地/架位号 | 状态 | 备注 |
| 1 | 0004472 | 001790075 | 密集书库/ [索取号:Q462/1] | 在馆 |